BIBLIOTHÈQUE DE LA MAISON DU MEXIQUE

Logo 1 Logo 2

El despertar científico en América (notice nᵒ 2234)

détails MARC
000 -Sello discográfico
campo de control de longitud fija 00982nam a2200313 4500
005 - Identificación de versión
campo de control 20251016083240.0
010 ## - Número Estándar Internacional de Libros (ISBN)
Número (ISBN) 968-597-152-8
035 ## - Otros números de control del sistema
Número de control del sistema 25088
099 ## - fechas locales
Tipo de ítem Koha LIBRO
100 ## - Datos de procesamiento general
Datos de procesamiento general 19971204d1980 m y1spay5003 ba
105 ## - Campo de datos codificados: Material textual, monográfico
Datos codificados de monografía a 001zy
200 1# - Título y mención de responsabilidad
Título propio El despertar científico en América
Designación general del material texto impreso
Otra información del título la vida de Diego García de Palacio
Primer mención de responsabilidad Othón Arróniz
205 ## - Declaración de edición
Declaración de edición 1a ed
210 ## - Publicación, distribución, etc.
Lugar de publicación, distribución, etc. México
Nombre del editor, distribuidor, etc. Universidad Autónoma Metropolitana
Fecha de publicación, distribución, etc. 1980
215 ## - Descripción física
Designación de material específico y extensión del ítem 223 p
Otras características físicas il.
Dimensiones 24 cm
300 ## - Notas generales
Texto de la nota Documentos inéditos del Archivo de Sevilla
345 ## - Nota de información de adquisición
Fuente de adquisición/dirección de la suscripción [OBSOLETO] Donación
600 ## - Nombre personal usado como materia
Elemento de entrada García de Palacio
Parte del nombre distinta del elemento de entrada Diego
Fechas fl. 1576-1587
Número Koha 5277
607 ## - Nombre geográfico utilizado como tema
Elemento de entrada América
Subdivisión temática Relatos
Subdivisión cronológica Hasta 1600
Subdivisión temática Fuentes
Número Koha 5278
660 ## - Código de área geográfica
Código MX
700 ## - Nombre personal - Responsabilidad primaria
Elemento de entrada Arróniz Báez
Parte del nombre distinta del elemento de entrada Othón
Fechas 1921-1997
Número Koha 5279
801 #0 - Fuente de origen
Agencia cm
900 ## -
-- 1/14964
900 ## -
-- 710976548\\041297
942 ## - ELEMENTOS DE ENTRADA SECUNDARIOS (KOHA)
Tipo de ítem Koha Livre
996 ## -
-- MEX
-- 751145101
-- MMAG
-- 009274
-- 920 G216AR
-- 20231221LIV
Exemplaires
Estatus retirado Estado de daño Estado de pérdida Fecha de adquisición Biblioteca de origen Biblioteca actual Ubicación en estantería Código de barras Precio de reemplazo Signatura topográfica completa No para préstamo Tipo de ítem Koha Nota pública Nota no pública
      05/08/2025 Casa México Paris Casa México Paris   009274 05/08/2025 920 G216AR   Livre 20231221LIV 751145101